Dynamics of visual motion processing / (رقم التسجيلة. 24272)
[ عرض عادي ]
| 000 -الفاتح | |
|---|---|
| حقل البيانات ثابتة الطول | 00912nam a22002655a 4500 |
| 001 - رقم الضبط | |
| رقم الضبط | 15769780 |
| 003 - محدد رقم الضبط | |
| رقم الضبط | OSt |
| 005 - وقت وتاريخ اخر تعامل مع التسجيلة | |
| رقم الضبط | 20150408114047.0 |
| 008 - عناصر البيانات ثابتة الطول - معلومات عامة | |
| حقل البيانات ثابتة الطول | 120624s2010 nyu 000 0 eng |
| 010 ## - رقم ضبط مكتبة الكونجرس | |
| رقم ضبط مكتبة الكونجرس | 2009930365 |
| 020 ## - الرقم الدولى المعيارى للكتب | |
| الرقم الدولى المعيارى للكتاب | 9781441907806 (hardcover : alk. paper) |
| 040 ## - مصدر الفهرسة | |
| وكالة النسخ | MU |
| 082 ## - رقم تصنيف ديوى العشرى | |
| رقم الطبعة | 21 |
| رقم التصنيف | 006.37 |
| رقم المادة | D Y V |
| 245 00 - بيان العنوان | |
| العنوان | Dynamics of visual motion processing / |
| بيان المسئوليه,etc | [edited by] Uwe J. Ilg, Guillaume S. Masson. |
| 260 ## - PUBLICATION, DISTRIBUTION, ETC. (IMPRINT) | |
| مكان الناشر او الموزع | New York : |
| اسم الناشر او الموزع | Springer, |
| تاريخ النشر أو التوزيع | 2010. |
| 300 ## - الوصف المادى | |
| التعداد | xx, 349 p., [24] p. of plates : ill ; 25 cm. |
| 504 ## - تبصرة ببليوجرافية | |
| تبصرة ببليوجرافية,الخ | Includes bibliographical references and index. |
| 630 ## - المدخل الاضافى بالموضوع - عنوان موحد | |
| عنوان موحد | Also available online via SpringerLink. |
| 9 (RLIN) | 16311 |
| 650 ## - المدخل الاضافى بالموضوع-مصطلح موضوعى | |
| مصطلح موضوعي أو اسم جغرافي كعنصر مدخل | Motion perception (Vision) |
| التقسيم الفرعي العام | Computer simulation. |
| 9 (RLIN) | 16312 |
| 700 ## - المدخل الاضافى - اسم شخصى | |
| الإسم الشخصى | Ilg, Uwe J. |
| 9 (RLIN) | 16313 |
| 700 ## - المدخل الاضافى - اسم شخصى | |
| الإسم الشخصى | Masson, Guillaume S. |
| 9 (RLIN) | 16314 |
| 906 ## - عنصر بيانات محلى F, LDF (RLIN) | |
| a | 0 |
| b | ibc |
| c | orignew |
| d | 2 |
| e | epcn |
| f | 20 |
| g | y-gencatlg |
| 942 ## - عناصر المدخل الإضافي( كوها) | |
| مصدر التصنيف او مخطط الترفيف | Dewey Decimal Classification |
| Koha [default] item type | DVD |
| حالة الفقد | نموذج السعر الفعال | حالة تلف | ليس للاعارة | رقم الطلب | رقم النسخة | تاريخ الاكتساب | الموقع الحالي | الباركود | الفرع الرئيسي | Date last seen | نوع المادة فى نظام كوها | مصدر التصنيف او خطة الترفيف | Total Checkouts |
|---|---|---|---|---|---|---|---|---|---|---|---|---|---|
| 2013-03-10 | 006.37 D Y V | C.1 | 2012-06-24 | المكتبة المركزية بالمجمعة (CL) | 00109632 | المكتبة المركزية بالمجمعة (CL) | 2013-03-10 | كتاب | Dewey Decimal Classification | ||||
| 2013-03-10 | 006.37 D Y V | C.2 | 2012-06-24 | المكتبة المركزية بالمجمعة (CL) | 00109631 | المكتبة المركزية بالمجمعة (CL) | 2013-03-10 | كتاب | Dewey Decimal Classification | ||||
| 2013-03-10 | 006.37 D Y V | C.3 | 2012-06-24 | المكتبة المركزية بالمجمعة (CL) | 00109630 | المكتبة المركزية بالمجمعة (CL) | 2013-03-10 | كتاب | Dewey Decimal Classification |
